000 00436nam a2200181Ia 4500
001 11038
005 20260306161916.0
008 260306t1978||||xx |||||||||||||| ||spa||
041 _aESP
082 _a985.001
_bM64 V. 1
100 _aMiró Quesada, Francisco
_eAUT
245 0 _aHistoria problema y promesa
260 _c1978
300 _a635 páginas :
_c21 cm.
650 _aGEN
654 _aCHU
942 _cLIB
_dJUS
_fJUS
_2ddc
_n
999 _c11038
_d11038